000 00392nam a22001577a 4500
020 _a9780070671928
082 _a005.42 NIT
100 _aNithyashri, J.
245 _aSystem Software
250 _a2nd ed.
260 _aNew Delhi, India
_bMcGraw Hill
_c2010
300 _aviii, 189 p.
_bill. ;
500 _aIncludes index.
650 _aSystems programming (Computer science)
942 _cBK
999 _c12381
_d12381